Statistiques concernant Union Européenne ou pas ? #2

Cliquez ici pour prendre le quiz!

Statistiques générales

  • Ce quiz a été pris 177 fois
    (150 depuis la dernière actualisation)
  • Le résultat moyen est 13 sur 15

Statistiques - réponses

QuestionRéponse% Correct
CroatieOui
97%
RoumanieOui
96%
République tchèqueOui
96%
SuèdeOui
94%
SlovaquieOui
94%
HongrieOui
93%
GéorgieNon
92%
IrlandeOui
92%
BulgarieOui
86%
MoldavieNon
85%
Macédoine du NordNon
81%
Saint-MarinNon
80%
AlbanieNon
78%
Bosnie-HerzégovineNon
78%
IslandeNon
74%

Distribution des résultats

Percentile par nombre de réponses

% des personnes avec chaque résultat

Votre développement - résultats

Vous n’avez pas pris ce quiz depuis la dernière actualisation